[Event "ch-ROU 2013"]
[Site "Baile Olanesti ROU"]
[Date "2013.02.22"]
[Round "9.1"]
[White "Miron,L"]
[Black "Murariu,A"]
[Result "1/2-1/2"]
[WhiteElo "2526"]
[BlackElo "2533"]

1.Nf3 d5 2.g3 c6 3.Bg2 Bg4 4.O-O Nd7 5.d4 Ngf6 6.Nbd2 e6 7.Re1 Be7 8.e4 dxe4
9.Nxe4 O-O 10.c3 c5 11.Qb3 cxd4 12.cxd4 Nd5 13.Bd2 Qb6 14.Qa4 Bxf3 15.Bxf3 N7f6
16.Ba5 Qa6 17.Be2 Qc6 18.Qxc6 bxc6 19.Nd2  1/2-1/2

[Event "ch-ROU w 2013"]
[Site "Baile Olanesti ROU"]
[Date "2013.02.23"]
[Round "8.15"]
[White "Bogdan,El"]
[Black "Toma,E"]
[Result "1/2-1/2"]
[WhiteElo "1829"]
[BlackElo "1722"]

1.Nf3 d5 2.g3 Nf6 3.Bg2 c5 4.O-O Nc6 5.d3 Bf5 6.Nbd2 Qd7 7.Nh4 Bh3 8.e4 Bxg2
9.Kxg2 dxe4 10.Nxe4 Nxe4 11.dxe4 O-O-O 12.Be3 Qxd1 13.Rfxd1 Rxd1 14.Rxd1 e6
15.f4 Be7 16.Nf3 Rd8 17.Rxd8+ Kxd8 18.c3 b5 19.Nd2 f6 20.Nb3 c4 21.Nd4 Nxd4
22.Bxd4 a6 23.Kf3 Kd7 24.Kg4 g6 25.h4 h5+ 26.Kf3 f5 27.e5 Kc6 28.Be3 a5 29.a3 b4
30.a4  1/2-1/2

[Event "Bundesliga 2012-13"]
[Site "Bremen GER"]
[Date "2013.02.23"]
[Round "9"]
[White "Efimenko,Z"]
[Black "Landa,K"]
[Result "1/2-1/2"]
[WhiteElo "2689"]
[BlackElo "2641"]

1.Nf3 d5 2.g3 Nf6 3.Bg2 e6 4.O-O Be7 5.c4 O-O 6.b3 c5 7.Bb2 Nc6 8.e3 b6 9.Nc3 dxc4
10.bxc4 Bb7 11.Qe2 Qc7 12.Rfd1 a6 13.d3 Rfd8 14.Rab1 Rab8 15.Ba1 Ba8 16.h3 Na7
17.d4 Ne4 18.Rbc1 Nxc3 19.Bxc3 cxd4 20.exd4 Bf6 21.Nh2 Bxg2 22.Kxg2 Rbc8
23.Bb2 Nc6 24.Qe4 h5 25.Nf3 Na5 26.g4 Qb7 27.Qxb7 Nxb7 28.Ba3 hxg4 29.hxg4 Rd7
30.g5 Be7 31.Bxe7 Rxe7 32.Rb1 Rc6 33.Ne5 Rd6 34.g6 fxg6 35.Nxg6 Rc7 36.Rb3 Nd8
37.Rh3 Nf7 38.Ra3 e5 39.Nh4 Rxc4 40.Rxa6 Rcxd4 41.Rxd4 exd4 42.Nf3 d3 43.Nd2 Ne5
44.a4 Rg6+ 45.Kf1 Ng4 46.f3 Ne3+ 47.Kf2 Nd1+ 48.Kf1 Rh6 49.Kg1 Nb2 50.Ra8+ Kh7
51.Rd8 Kg6 52.Rd4 Kf5 53.Rb4 Nd1 54.Rd4 Nb2 55.Rb4 Nd1 56.Rd4 Nc3 57.Rxd3 Nxa4
58.Rd5+ Kf4 59.Rd7 Ke3 60.Nc4+ Kxf3 61.Rxg7 b5 62.Na3 Nc3 63.Rf7+ Ke3 64.Re7+ Kd2
65.Nxb5 Nxb5 66.Rd7+ Nd6 67.Kf2 Rf6+ 68.Kg3 Ke3 69.Kg4 Ne4 70.Ra7 Rf4+ 71.Kh5 Nc5
72.Kg6 Ke4 73.Ra5 Rf5 74.Ra1 Ke5 75.Ra5 Rf6+ 76.Kg5 Rc6 77.Kg4 Ke4 78.Kg5 Ne6+
79.Kg4 Rc4 80.Ra8 Rb4 81.Ra1 Ke5+ 82.Kg3 Nc5 83.Kf3 Rf4+ 84.Kg2 Ne4 85.Ra5+ Kf6
86.Kh3 Kg6 87.Rb5 Rf3+ 88.Kg4 Ra3 89.Kf4 Ra4 90.Ke3 Kf6 91.Kd3 Ke6 92.Ke3 Nf6
93.Kd3 Ng4 94.Kc3 Nf6 95.Kd3 Nd5 96.Rb8 Nb4+ 97.Ke3 Ra3+ 98.Ke4 Na6 99.Rb6+ Kd7
100.Kd4 Nc7 101.Kc4 Ne6 102.Kd5 Ra5+ 103.Ke4 Ke7 104.Rb7+ Kf6 105.Rb6 Ra4+
106.Ke3 Ke5 107.Rb5+ Kd6 108.Kf2 Ra3 109.Rf5 Nd4 110.Rh5 Ke6 111.Rc5 Rf3+
112.Kg2 Rd3 113.Ra5 Nf3 114.Kf2 Ne5 115.Ke2 Rh3 116.Ra8 Kf5  1/2-1/2

[Event "Bundesliga 2012-13"]
[Site "Bremen GER"]
[Date "2013.02.23"]
[Round "9"]
[White "Zaragatski,I"]
[Black "Hector,J"]
[Result "1/2-1/2"]
[WhiteElo "2460"]
[BlackElo "2539"]

1.Nf3 d5 2.g3 Nc6 3.d4 Bg4 4.Bg2 e6 5.O-O Be7 6.Nbd2 Nf6 7.c3 O-O 8.h3 Bh5
9.g4 Bg6 10.Nh4 e5 11.Nxg6 hxg6 12.dxe5 Nxe5 13.Qb3 Qd6 14.Rd1 a5 15.g5 a4
16.Qc2 Nfd7 17.Ne4 Qe6 18.Rxd5 Qxd5 19.Nf6+ Nxf6 20.Bxd5 Nxd5 21.Qe4 Nc6
22.Qxd5 Rfd8 23.Qb5 Rd1+ 24.Kg2 Nd8 25.Qe8+ Bf8 26.h4 Ra6 27.Be3 Rxa1 28.Qxd8 Rc6
29.Qd5 Rb1 30.Qd2 a3 31.bxa3 Bxa3 32.Qd8+ Bf8 33.Bd4 Rb2 34.Qa8 Rc4 35.a4 Rxe2
36.Qxb7 Rxa4 37.Qxc7 Re8 38.Qc6 Raa8 39.Qf3 Ra5 40.Qc6 Raa8 41.h5 Rec8 42.Qf3 gxh5
43.Qxh5 Bc5 44.g6 fxg6 45.Qxg6 Bxd4 46.cxd4 Rc7 47.Qe6+ Rf7 48.d5 Rd8 49.Kg3 Kf8
50.d6 Rfd7 51.Qf5+ Kg8 52.Qd5+ Kh7 53.Qh5+ Kg8 54.Qd5+ Kf8 55.Qf5+ Rf7 56.Qe6 Rfd7  1/2-1/2

[Event "TCh-CAT Div Hon 2013"]
[Site "Catalonia ESP"]
[Date "2013.02.23"]
[Round "6.4"]
[White "Vila Gazquez,X"]
[Black "Obon Temprano,S"]
[Result "1-0"]
[WhiteElo "2455"]
[BlackElo "2288"]

1.Nf3 d5 2.g3 Nf6 3.Bg2 c6 4.O-O Bf5 5.b3 h6 6.Bb2 e6 7.d3 Be7 8.Nfd2 O-O
9.e4 Bg4 10.Qe1 Qc7 11.f4 dxe4 12.dxe4 Nbd7 13.Nc3 Rfe8 14.h3 Bh5 15.g4 Bg6
16.Kh1 Rad8 17.a3 Nc5 18.b4 Rxd2 19.Qxd2 Ncxe4 20.Nxe4 Nxe4 21.Qe3 Nd6 22.Qe2 b5
23.Be5 f6 24.Bd4 Bf7 25.Qf3 Rc8 26.a4 Nc4 27.Qc3 e5 28.fxe5 fxe5 29.Bg1 Bf6
30.axb5 cxb5 31.Rxa7 Qd8 32.Qd3 Qe8 33.Rxf7 e4 34.Qd7  1-0

[Event "Bundesliga 2012-13"]
[Site "Eppingen GER"]
[Date "2013.02.23"]
[Round "9"]
[White "Ribli,Z"]
[Black "Horvath,P1"]
[Result "1/2-1/2"]
[WhiteElo "2554"]
[BlackElo "2434"]

1.Nf3 d5 2.g3 c6 3.Bg2 Bg4 4.c4 e6 5.O-O Nd7 6.cxd5 exd5 7.Nc3 Ngf6 8.d3 Be7
9.h3 Bh5 10.e4 dxe4 11.dxe4 Nc5 12.g4 Bg6 13.Ne5 Qxd1 14.Rxd1 Nfd7 15.Nc4 f6
16.b3 Bf7 17.Nd6+ Bxd6 18.Rxd6 O-O-O 19.Be3 Kc7 20.Rd2 b6 21.b4 Nb7 22.f4 Nd6
23.Rc2 Nc4 24.Bf2 g5 25.Nd5+ cxd5 26.exd5 b5 27.a4 Nb6 28.axb5 Bxd5 29.Bxd5 Rxd5
30.Bxb6+ Kxb6 31.Rxc4 Rd2 32.Rc6+ Kxb5 33.Rxf6 Re8 34.Rf5+ Kxb4 35.Rb1+ Kc4
36.Rc1+ Kd4 37.fxg5 Ree2 38.Rf7 Rg2+ 39.Kf1 Ke5 40.Rcc7 Rb2 41.Rb7 Rbc2 42.Rbe7+ Kd6
43.Rd7+ Ke5 44.Rc7 Rb2 45.Rce7+ Kd6 46.Rb7 Rbc2 47.Rf6+ Ke5 48.Re7+ Kd5 49.Rc7 Rb2
50.Rb7 Rbc2 51.Rb5+ Ke4 52.Rb4+ Kd5 53.Rf5+ Kd6 54.Rd4+ Ke6 55.Rc4 Rb2 56.Rc6+ Kd7
57.Rh6  1/2-1/2

[Event "4NCL 2012-13"]
[Site "Staverton ENG"]
[Date "2013.02.23"]
[Round "5.137"]
[White "Devereaux,M"]
[Black "Kafka,G"]
[Result "1-0"]
[WhiteElo "2367"]
[BlackElo "2065"]

1.Nf3 d5 2.g3 Nf6 3.Bg2 Bf5 4.c4 c6 5.cxd5 cxd5 6.Qb3 Qb6 7.Qxb6 axb6 8.Nc3 e6
9.Nd4 Bg6 10.d3 Nc6 11.Ncb5 Nxd4 12.Nxd4 Ra4 13.Nb3 Bb4+ 14.Bd2 Kd7 15.a3 Bxd2+
16.Kxd2 Rc8 17.f4 b5 18.Rhc1 Rxc1 19.Rxc1 b6 20.Na1 b4 21.Nc2 bxa3 22.bxa3 h5
23.h4 Ne8 24.Rb1 Kc7 25.Rb4 Rxb4 26.axb4 Nd6 27.Nd4 Kd7 28.Bh3 Bf5 29.Bg2 f6
30.Ke1 Bg6 31.Kf2 Ke7 32.Bf3 Kd7 33.g4 hxg4 34.Bxg4 Nf5 35.Bxf5 Bxf5 36.Nxf5 exf5
37.Ke3 Ke6 38.Kd4 Kd6 39.h5 Kc6 40.e4 fxe4 41.dxe4 dxe4 42.Kxe4 Kb5 43.Kf5 Kxb4
44.Kg6  1-0

[Event "ch-ROU 2013"]
[Site "Baile Olanesti ROU"]
[Date "2013.02.24"]
[Round "11.30"]
[White "Telea,S"]
[Black "Cosmulescu,A"]
[Result "0-1"]
[WhiteElo "2118"]
[BlackElo "1883"]

1.Nf3 d5 2.g3 e6 3.Bg2 Be7 4.O-O Nf6 5.d4 O-O 6.c4 b6 7.Nc3 Bb7 8.Ne5 c5
9.cxd5 Nxd5 10.Nxd5 Bxd5 11.e4 Bb7 12.d5 exd5 13.exd5 Qc7 14.Nc4 Bd6 15.Nxd6 Qxd6
16.Bf4 Qd7 17.Qh5 Na6 18.Rad1 Rad8 19.Rfe1 Nb4 20.Re5 g6 21.Bh6 f6 22.Qh4 fxe5
23.Bh3 Qd6 24.Bxf8 Rxf8 25.Be6+ Kg7 26.Qc4 Nc6 27.h4 Nd4 28.Rd3 b5  0-1

[Event "Bundesliga 2012-13"]
[Site "Bremen GER"]
[Date "2013.02.24"]
[Round "10"]
[White "Hausrath,D"]
[Black "Fiebig,T"]
[Result "1/2-1/2"]
[WhiteElo "2484"]
[BlackElo "2402"]

1.Nf3 d5 2.g3 Nf6 3.Bg2 e6 4.d4 b5 5.a4 b4 6.c4 bxc3 7.Nxc3 Bb4 8.O-O O-O
9.Bf4 a5 10.Qc2 Bb7 11.Ne5 Na6 12.Nb5 c5 13.Bg5 Rc8 14.Na7 Rc7 15.Nb5 Rc8
16.Na7 Rc7 17.Nb5 Rc8  1/2-1/2

[Event "29th Open"]
[Site "Cappelle la Grande FRA"]
[Date "2013.02.24"]
[Round "2.30"]
[White "Berg,K"]
[Black "Grigoryan,K2"]
[Result "1/2-1/2"]
[WhiteElo "2390"]
[BlackElo "2531"]

1.g3 d5 2.Nf3 Nf6 3.Bg2 c6 4.O-O Bf5 5.d3 h6 6.c4 Nbd7 7.cxd5 cxd5 8.Nc3 e6
9.Bf4 g5 10.Bd2 Bg7 11.h4 g4 12.Nd4 Bg6 13.e4 O-O 14.exd5 Nb6 15.Be3 Nbxd5
16.Nxd5 Nxd5 17.Qxg4 h5 18.Qf3 Nxe3 19.fxe3 Bxd4 20.exd4 Qxd4+ 21.Rf2 Rad8
22.Re1 Qxd3 23.Qf4 b6 24.Be4 Bxe4 25.Rxe4 Qd1+ 26.Kh2 Qg4 27.Qe3 Qg6 28.Re5 Rd5  1/2-1/2

[Event "TCh-CZE Div1 Vychod 2012-13"]
[Site "Czech Republic CZE"]
[Date "2013.02.24"]
[Round "8.1"]
[White "Zpevak,P"]
[Black "Cvek,R"]
[Result "1/2-1/2"]
[WhiteElo "2379"]
[BlackElo "2540"]

1.Nf3 d5 2.g3 c6 3.Bg2 Bg4 4.d4 Nd7 5.Nbd2 Ngf6 6.O-O e6 7.Re1 Be7 8.e4 O-O
9.c3 Bh5 10.Qb3 Qb6 11.exd5 cxd5 12.Qxb6 Nxb6 13.Ne5 Rfd8 14.a4 Nbd7 15.Nd3 Bg6
16.Nf4 Bf8 17.Nxg6 hxg6 18.Nb3 Ne8 19.Bf4 Nd6 20.Na5 Nf6 21.Rec1 Rd7 22.Rc2 Rc8
23.Bf1 Nc4 24.Nxc4 dxc4 25.a5 Nd5 26.Bd2 f6 27.Ra4 Rdc7 28.Rc1 Kf7 29.Re1 Bd6
30.Bh3 f5 31.Bg2 Be7 32.h4 Bd6 33.Bf3  1/2-1/2

[Event "TCh-CZE Div1 Zapad 2012-13"]
[Site "Czech Republic CZE"]
[Date "2013.02.24"]
[Round "8.6"]
[White "Bednar,Ma"]
[Black "Tichy,Vl"]
[Result "1-0"]
[WhiteElo "2270"]
[BlackElo "2237"]

1.Nf3 d5 2.g3 c6 3.Bg2 Bg4 4.b3 Nd7 5.Bb2 Ngf6 6.d3 e6 7.Nbd2 Bc5 8.O-O O-O
9.e4 e5 10.Qe2 Re8 11.a3 a5 12.c3 b5 13.Rfd1 Qe7 14.Nf1 Rad8 15.b4 Bb6 16.Ne3 Bxe3
17.Qxe3 c5 18.h3 d4 19.Qe1 Bxf3 20.Bxf3 Nb6 21.cxd4 Na4 22.Qd2 cxd4 23.Rdc1 axb4
24.axb4 Qe6 25.Kg2 Nd7 26.Bd1 Ndb6 27.Ra3 Qd6 28.Bb3 Rc8 29.Raa1 h6 30.Rab1 Rc7
31.Rxc7 Qxc7 32.Rc1 Qd6 33.Rc2 Re7 34.Ba1 Rc7 35.Rxc7 Qxc7 36.f4 exf4 37.Qf2 Qd6
38.Qxd4 Qxd4 39.Bxd4 fxg3 40.Kxg3 Kf8 41.Kf4 f6 42.Kf5 Nd7 43.Ke6 Ne5 44.Bxe5 fxe5
45.Kxe5 g5 46.Kf6 Nc3 47.e5  1-0

[Event "11th TCh-IND w 2013"]
[Site "Hyderabad IND"]
[Date "2013.02.24"]
[Round "5.2"]
[White "Gomes,Mary"]
[Black "Varshini,V"]
[Result "1-0"]
[WhiteElo "2394"]
[BlackElo "1928"]

1.Nf3 d5 2.g3 Nf6 3.Bg2 e6 4.O-O Be7 5.b3 O-O 6.Bb2 b6 7.c4 Bb7 8.d4 Nbd7
9.e3 c5 10.Ne5 Rc8 11.Nc3 a6 12.Qe2 cxd4 13.exd4 Bd6 14.Rac1 Re8 15.Rfe1 Nf8
16.Na4 Bxe5 17.dxe5 Ne4 18.Bxe4 dxe4 19.Nc3 Qc7 20.Nxe4 Qc6 21.f3 Red8 22.Nd6 Rc7
23.Nxb7 Rxb7 24.Ba3 Ng6 25.Bd6 Ne7 26.Red1 Nf5 27.Qe4 Qxe4 28.fxe4 Nxd6 29.Rxd6 Ra8
30.Rcd1 Kf8 31.Rc6 Ke7 32.Rdd6 Rab8 33.Kf2 h6 34.Ke3 a5 35.a4 Ke8 36.Kd4 Rd7
37.Kc3 Rdb7 38.b4 Ke7 39.b5 Ke8 40.c5 bxc5 41.Kc4 g6 42.Kxc5 h5 43.b6 Ke7
44.Rc7+ Ke8 45.Rxb7 Rxb7 46.Kc6 Rb8 47.Kc7  1-0

[Event "ch-Central Serbia 2013"]
[Site "Pozarevac SRB"]
[Date "2013.02.24"]
[Round "9.3"]
[White "Antic,De"]
[Black "Zajic,Milan"]
[Result "1/2-1/2"]
[WhiteElo "2473"]
[BlackElo "2245"]

1.Nf3 d5 2.g3 Nf6 3.Bg2 c6 4.O-O Bg4 5.d4 Nbd7 6.Nbd2 e6 7.Re1 Be7 8.e4 dxe4
9.Nxe4 Nxe4 10.Rxe4 Bf5 11.Re1 O-O 12.c3 Qb6 13.Qb3 a5 14.Ne5 Qxb3 15.axb3 Nxe5
16.Rxe5 Bd8 17.b4 Bc7 18.bxa5 Bxe5 19.dxe5 Rfd8 20.Be3 Bc2 21.Bf3 Bb3 22.Ra3 Bd5
23.Be2 Be4 24.c4 Rd7 25.f3 Bc2 26.Kf2 Bd1 27.Bd3 f5 28.Bb6 Bc2 29.Be2 Bd1
30.Rd3 Rxd3 31.Bxd3 Kf7 32.b4 Ke7 33.f4 Kd7 34.Ke3 Rg8 35.b5 cxb5 36.cxb5 Bb3
37.Kd4 Bd5 38.Bxf5 Rc8 39.Bd3 Rc1 40.f5 Rd1 41.Ke3 exf5 42.Bxf5+ Be6 43.Be4 Re1+
44.Kd4 Rxe4+ 45.Kxe4 Bc4  1/2-1/2

[Event "Reykjavik Open 2013"]
[Site "Reykjavik ISL"]
[Date "2013.02.24"]
[Round "7.1"]
[White "Giri,A"]
[Black "Eljanov,P"]
[Result "1/2-1/2"]
[WhiteElo "2722"]
[BlackElo "2678"]

1.Nf3 d5 2.g3 c6 3.c4 Bg4 4.Qb3 Qb6 5.Ne5 Be6 6.d3 g6 7.Bg2 Bg7 8.Nf3 dxc4
9.dxc4 Na6 10.O-O Nh6 11.Nc3 O-O 12.Ng5 Bd7 13.Qxb6 axb6 14.Na4 Rad8 15.Nxb6 Bg4
16.Bf3 Nb4 17.a3 Nc2 18.Ra2 Nd4 19.Bxg4 Nxg4 20.b4 Nb3 21.Nf3 Nxc1 22.Rxc1 e5
23.e3 f5 24.h3 Nh6 25.c5 Nf7 26.Nd2 Rd3 27.Kf1 e4 28.Ke2 Ne5 29.Nbc4 Rfd8
30.Nxe5 Bxe5 31.Nc4 Bc7 32.Rd2 Rxd2+ 33.Nxd2 Kf7 34.g4 Rd3 35.gxf5 gxf5 36.f3 Rxa3
37.fxe4 fxe4 38.Rc4 Ra2 39.Rxe4 b6 40.Rh4 Kg6 41.cxb6 Bxb6 42.Rc4 c5 43.bxc5 Ba5
44.Rd4 Rc2 45.Rd6+ Kf7 46.c6 Ke7 47.Kd1 Kxd6 48.Kxc2 Kxc6 49.e4 Bc7 50.Kd3 Bf4
51.Nf3 Kc5 52.Kc3 Bc1 53.Ne1 Be3 54.Kd3 Bh6 55.Ng2 Kd6 56.Ne3 Ke6 57.Ke2 Bf8
58.Nd5 Bh6 59.Kf3 Bd2 60.Nb6 Bc1 61.Nc4 Bh6 62.Ne3 Bg5 63.Ng4 Bc1 64.Nf2 Bd2
65.Nd3 Bh6 66.Kg3 Bd2 67.Kg4 Be3 68.Kh4 Bd2 69.Kg3 Be3 70.Kg4 Bd2 71.Nc5+ Ke5
72.Kf3 Bh6 73.Nd3+ Ke6 74.Nf2 Bc1 75.Kg3 Bd2 76.Ng4 Bc1 77.Kg2 Bd2 78.Kf2 Bc1
79.Kf3 Bd2 80.Kf2 Bc1 81.Kg3 Bd2 82.Nh2 Be3 83.Nf3 Bc1 84.Kg4 Kf6 85.Kh5 Bf4
86.h4 Be3 87.Ng5 Ke5 88.Nxh7 Kxe4 89.Kg6 Ke5 90.Nf8 Kd6 91.Kf6 Bc1 92.Ne6 Kd7
93.Kf7 Kd6 94.Ng5 Kd7 95.Ne4 Kd8 96.Nf6 Bd2 97.h5 Bc1 98.Ne4 Kd7 99.Nf2 Kd8
100.Nd3 Bd2  1/2-1/2

[Event "4NCL 2012-13"]
[Site "Staverton ENG"]
[Date "2013.02.24"]
[Round "6.182"]
[White "Cooper,J"]
[Black "Pitcher,J"]
[Result "1/2-1/2"]
[WhiteElo "2343"]
[BlackElo "2226"]

1.Nf3 d5 2.g3 Nf6 3.Bg2 c6 4.c4 g6 5.b3 Bg7 6.Bb2 O-O 7.O-O Re8 8.d4 Ne4
9.Nfd2 f5 10.e3 Be6 11.Qe2 Bf7 12.Rd1 Nd7 13.Nc3 Qa5 14.Rac1 Nxd2 15.Rxd2 dxc4
16.bxc4 Nb6 17.d5 Rad8 18.e4 e6 19.dxe6 Bxe6 20.Rxd8 Rxd8 21.exf5 Bxf5 22.c5 Qxc5
23.Nd5 Qf8 24.Ne7+ Kh8 25.Nxf5 gxf5 26.Re1 Bf6 27.Bh3 f4 28.Bf5 Bxb2 29.Qxb2+ Qg7
30.Qa3 Nd5 31.Qxa7 Rf8 32.Qc5 Qf6 33.Bh3 Rf7 34.Bg2 Qc3 35.Qxc3+ Nxc3 36.a3 Kg7
37.gxf4 Rxf4 38.Re7+ Rf7 39.Re3 Na4 40.Re4 Nc5 41.Rg4+ Kf8 42.Kf1 Ne6 43.Be4 h5
44.Rg3 Rf4 45.Rf3 Ke7 46.Rxf4 Nxf4 47.Ke1 Kd6 48.Kd2 Ke5 49.Ke3 Nd5+ 50.Kd3 b5
51.h4 c5 52.Bf3 Nf4+ 53.Kc3 b4+  1/2-1/2

[Event "29th Open"]
[Site "Cappelle la Grande FRA"]
[Date "2013.02.25"]
[Round "4.45"]
[White "Wirig,A"]
[Black "Van Hoolandt,P"]
[Result "1-0"]
[WhiteElo "2490"]
[BlackElo "2195"]

1.Nf3 d5 2.g3 c6 3.Bg2 Bg4 4.d3 Nd7 5.Nbd2 e6 6.c4 Bd6 7.Qc2 Ne7 8.b3 O-O
9.Bb2 a5 10.a3 Bh5 11.O-O Re8 12.e4 f6 13.Rfe1 Bf7 14.d4 b5 15.Qd3 Qb8 16.Bh3 Nf8
17.cxd5 cxd5 18.e5 Bc7 19.Rac1 Ra7 20.Nf1 Rb7 21.Ne3 f5 22.Bf1 Rc8 23.Ng2 h6
24.h4 Bd8 25.Nf4 Neg6 26.Rxc8 Qxc8 27.Rc1 Qd7 28.Ne2 Be8 29.Qd2 b4 30.Ra1 Ne7
31.axb4 Rxb4 32.Nc1 Nc6 33.Ba3 Rb8 34.Bd6 Bc7 35.Bc5 Nb4 36.Bxb4 Rxb4 37.Nd3 Rb8
38.Nc5 Qd8 39.Ne1 Rb4 40.Qc3 f4 41.Ned3 fxg3 42.fxg3 Rb8 43.Na6 Rc8 44.Nxc7 Rxc7
45.Qxa5 Qe7 46.Nc5 Rc8 47.Qc3 g5 48.hxg5 Qxg5 49.Re1 Ra8 50.Qe3 Qg4 51.Be2 Qh3
52.Bf1 Qh5 53.Be2 Qh3 54.Qf2 Ra7 55.Rf1 Rf7 56.Qg2 Rxf1+ 57.Kxf1 Qf5+ 58.Qf2 Qh3+
59.Kg1 Bg6 60.Qh2 Qf5 61.Qxh6 Qb1+ 62.Kf2 Qa1 63.Nxe6 Nxe6 64.Qxg6+ Ng7 65.Qd3 Ne6
66.b4 Nxd4 67.Qg6+ Kh8 68.Qh6+ Kg8 69.Qg6+ Kh8 70.e6 Qa7 71.Qe8+ Kg7 72.Qd7+  1-0

[Event "Reykjavik Open 2013"]
[Site "Reykjavik ISL"]
[Date "2013.02.26"]
[Round "9.81"]
[White "Heerde,Thomas"]
[Black "Leosson,Atli Johann"]
[Result "0-1"]
[WhiteElo "2053"]
[BlackElo "1736"]

1.Nf3 d5 2.g3 g6 3.Bg2 Bg7 4.O-O Nf6 5.d3 O-O 6.Nbd2 Nc6 7.c3 e5 8.e4 dxe4
9.dxe4 Be6 10.Qe2 a6 11.Nc4 Bg4 12.h3 Bxf3 13.Bxf3 b5 14.Ne3 Na5 15.Rd1 Qe7
16.Nc2 Rad8 17.Bg5 h6 18.Bxf6 Qxf6 19.Kg2 c5 20.Ne3 Qe6 21.Bg4 Qc6 22.Nd5 Qb7
23.Bf3 Nc6 24.h4 Ne7 25.Nxe7+ Qxe7 26.h5 g5 27.c4 b4 28.Rd5 Rxd5 29.cxd5 Qd6
30.Bg4 Rb8 31.Qc4 Bf8 32.Rd1 b3 33.a3 Qb6 34.Be2 a5 35.Qa4 Bd6 36.Bc4 Rf8
37.Rd3 f5 38.exf5 Qd8 39.g4 e4 40.Rh3 Qe7 41.Qxb3 Qe5 42.Qg3 Qxg3+ 43.fxg3 Rb8
44.b3 a4 45.bxa4 Rb2+ 46.Kf1 Rc2 47.Be2 c4 48.Bd1 Rb2 49.a5 c3 50.Ke1 c2
51.Bxc2 Rxc2 52.Kd1 Ra2 53.Kc1 Rxa3 54.Rh2 Rxa5 55.Re2 Rxd5 56.Rxe4 Re5 57.Rd4 Bf8
58.Kd2 Ra5 59.Ke2 Ra3 60.Rc4 Rxg3 61.Kf2 Rd3 62.Rc7 Rd4 63.Kf3 Rf4+ 64.Kg3 Rxf5
65.Rc6 Rb5 66.Rf6 Rb3+ 67.Kg2 Bg7 68.Ra6 Rb4 69.Kf3 Rf4+ 70.Kg3 Rf7 71.Re6 Kh7
72.Re8 Rc7 73.Re6 Rc5 74.Kf3 Re5 75.Ra6 Re7 76.Rd6 Rf7+ 77.Kg2 Rf4 78.Kg3 Be5
79.Re6 Bg7 80.Re7 Rc4 81.Re6 Rc5 82.Kf3 Rc7 83.Re8 Rf7+ 84.Kg3 Bc3 85.Re6 Bd2
86.Ra6 Bf4+ 87.Kg2 Rc7 88.Kf3 Rc3+ 89.Ke4 Rg3 90.Kf5 Rc3 91.Ra7+ Rc7 92.Ra6 Rf7+
93.Ke4 Bg3 94.Ke3 Bf2+ 95.Ke2 Rf4 96.Kd3 Rxg4 97.Rd6 Rh4  0-1

[Event "29th Open"]
[Site "Cappelle la Grande FRA"]
[Date "2013.02.27"]
[Round "6.47"]
[White "Wirig,A"]
[Black "Olsarova,T"]
[Result "1/2-1/2"]
[WhiteElo "2490"]
[BlackElo "2255"]

1.Nf3 d5 2.g3 Nf6 3.Bg2 e6 4.O-O Be7 5.d4 Nbd7 6.c4 dxc4 7.Qa4 O-O 8.Qxc4 c5
9.dxc5 Bxc5 10.Nc3 Qe7 11.Bf4 Nb6 12.Qb3 Nfd5 13.Ne4 Nxf4 14.gxf4 Nd5 15.Nxc5 Qxc5
16.e3 b6 17.Ne5 Qe7 18.Nc6 Qf6 19.Nb4 Bb7 20.Rfd1 Qg6 21.Kh1 Rad8 22.Nxd5 Bxd5
23.Bxd5 Rxd5 24.Rxd5 Qe4+ 25.Kg1 exd5 26.Rd1 Rd8 27.Rd4 Qg6+ 28.Kf1 Qh5 29.Qc2 Qxh2
30.Qc7 Qh3+ 31.Ke2 Qg4+ 32.Kd2 Qh4 33.Ke1 Re8 34.Qc3 h5 35.Qd2 Re6 36.Qe2 Rc6
37.Qf3 Rc1+ 38.Kd2 Rf1 39.Ke2 Rb1 40.Rd2 Qg4 41.Qxg4 hxg4 42.b3 Ra1 43.a4  1/2-1/2

[Event "Reykjavik Open 2013"]
[Site "Reykjavik ISL"]
[Date "2013.02.27"]
[Round "10.10"]
[White "Yilmaz,M"]
[Black "Zumsande,M"]
[Result "1-0"]
[WhiteElo "2531"]
[BlackElo "2419"]

1.Nf3 d5 2.g3 Nf6 3.Bg2 g6 4.c4 c6 5.O-O Bg7 6.d4 O-O 7.cxd5 cxd5 8.Ne5 Nc6
9.Nxc6 bxc6 10.Nc3 Rb8 11.Na4 Ne4 12.Be3 Nd6 13.Rc1 Nc4 14.Bf4 Nxb2 15.Qd2 e5
16.Bg5 f6 17.Nxb2 fxg5 18.dxe5 Bxe5 19.Nd3 Bg7 20.Rxc6 Kh8 21.Rfc1 Bf5 22.Ra6 Be4
23.Nb4 Qe8 24.Bxe4 dxe4 25.a3 Rb7 26.Qe3 Rd7 27.Rc4 Re7 28.Rxa7 Rxa7 29.Qxa7 Qe6
30.Rc7 Qe5 31.Rd7 h5 32.Qe3 g4 33.Kg2 Re8 34.Rd5 Qe6 35.Rd1 Kh7 36.Nd5 Bh6
37.Qa7+ Kg8 38.Qd4 Rf8 39.Qc4 Kh7 40.Qc5 Rf7 41.Ne3 Bf8 42.Qc4 Qf6 43.Rf1 Bxa3
44.Qxe4 Bc5 45.Nd1 Re7 46.Qd5 Re5 47.Qd3 Qe6 48.e3 Qc6+ 49.Kg1 Qf3 50.Qc4 Rf5
51.Nc3 Re5 52.Ne2 Qd5 53.Rc1 Qxc4 54.Rxc4 Kg7 55.Nf4 Be7 56.Rc7 Kf7 57.Rd7 Ke8
58.Nxg6 Kxd7 59.Nxe5+ Ke6 60.Ng6 Bd6 61.Nf4+  1-0

[Event "29th Open"]
[Site "Cappelle la Grande FRA"]
[Date "2013.02.28"]
[Round "7.34"]
[White "Shirazi,K"]
[Black "Ulibin,M"]
[Result "1/2-1/2"]
[WhiteElo "2373"]
[BlackElo "2521"]

1.Nf3 d5 2.g3 g6 3.Bg2 Bg7 4.c4 d4 5.b4 d3 6.Nc3 dxe2 7.Qxe2 Bf5 8.Ne5 c6
9.b5 Nd7 10.Nxd7 Qxd7 11.bxc6 bxc6 12.Ba3 Rc8 13.Rc1 Bd3 14.Qe3 Nh6 15.Ne4 Nf5
16.Qf3 Qd4 17.Nc5 Bxc4 18.Nb3 Bxb3 19.Qxb3 Qe5+ 20.Kf1 O-O 21.Bc5 Rfd8 22.Qc2 Qc7
23.Be4 e6 24.Kg2 Qa5 25.Rhd1 Nd4 26.Qc4 h5 27.Rb1 Nb5 28.d3 Nd6 29.Qc2 Nxe4
30.dxe4 Rxd1 31.Rxd1 Rb8 32.a4 Rb2 33.Qc4 Qc7 34.Ba3 Rb6 35.Bc5 Rb2 36.Ba3 Rb6
37.Bb4 Qb7 38.Bc5 Rb2 39.Rd8+ Kh7 40.Qd3 Rb3 41.Rd7 Qb8 42.Qd1 Rb7 43.a5 a6
44.Bb6 Rxd7 45.Qxd7 Qe5 46.Qxc6 f5 47.exf5 Qxf5 48.h3 Qd5+ 49.Qxd5 exd5 50.Kf3 Kg8
51.Kf4 Kf7 52.f3 Ke6 53.Kg5 d4 54.Kxg6 d3 55.Be3 Bc3 56.f4 d2 57.f5+ Kd7
58.Bxd2 Bxd2 59.Kf6 Bc3+ 60.Kf7 Bxa5 61.f6 Be1 62.g4 hxg4 63.hxg4 Bh4 64.Kg6 Ke6
65.g5 Bxg5 66.Kxg5 Kf7 67.Kf5 a5 68.Ke5 a4 69.Kd4  1/2-1/2

[Event "29th ChessOrg Open"]
[Site "Bad Woerishofen GER"]
[Date "2013.03.01"]
[Round "1.16"]
[White "Ivanov,MM"]
[Black "Kerber,A"]
[Result "1-0"]
[WhiteElo "2390"]
[BlackElo "2009"]

1.Nf3 d5 2.g3 Nc6 3.c4 dxc4 4.Qa4 Nf6 5.Bg2 Bd7 6.Qxc4 e5 7.Ng5 Qe7 8.b3 h6
9.Ba3 Nb4 10.Bxb4 Qxb4 11.Qxf7+ Kd8 12.Ne6+ Kc8 13.Nxf8 Rxf8 14.Qc4 Qb6 15.Nc3 Ng4
16.e3 Be6 17.Bd5 Bxd5 18.Nxd5  1-0

[Event "TCh-ISL 2012-13"]
[Site "Reykjavik ISL"]
[Date "2013.03.01"]
[Round "5.2"]
[White "Kuzubov,Y"]
[Black "L'Ami,E"]
[Result "1/2-1/2"]
[WhiteElo "2617"]
[BlackElo "2624"]

1.Nf3 d5 2.g3 c6 3.Bg2 g6 4.O-O Bg7 5.d4 Nf6 6.Bf4 O-O 7.Qc1 Bf5 8.c4 Nbd7
9.Rd1 Rc8 10.Nc3 Ne4 11.Nh4 Nxc3 12.bxc3 Be6 13.Rb1 b6 14.h3 Nf6 15.Be5 Ne8
16.Bxg7 Kxg7 17.Nf3 Bf5 18.Rb4 Be4 19.c5 Nf6 20.Qa3 bxc5 21.dxc5 Rc7 22.Ne5 Bxg2
23.Kxg2 Nd7 24.Nxd7 Qxd7 25.Rdb1 e6 26.Qa5 Qe7 27.e3 h5 28.h4 e5 29.R1b2 Rd7
30.Rd2 Re8 31.Rbb2 Kh7 32.Qb4 Red8 33.Kh2 Qf6 34.Qb3 Kg7 35.Kg2 d4 36.cxd4 exd4
37.exd4 Rxd4 38.Rxd4 Qxd4 39.Qb4 Qd5+ 40.Kh2 Qf3 41.Rd2 Re8 42.Qb3 Qf5 43.Qc3+ Qe5
44.Qd4 a5 45.Qd6 Re6 46.Qd4 Qxd4 47.Rxd4 Re5 48.Rc4 Rd5 49.Kg2 Kf6 50.Kf3 Ke6
51.Ke3 f6 52.Re4+ Kf7 53.Rc4 g5 54.f3 Kg6 55.a3 Kf5 56.hxg5 fxg5 57.g4+ Kg6
58.gxh5+ Kxh5 59.Ke2 Re5+ 60.Kd3 Rf5 61.Ke3 Kg6 62.Ke2 Kf6 63.Ke3 Ke6 64.Rc2 Kd5
65.Rc3 Ke6 66.Rc4 Kd7 67.Rc3 Kc7 68.Ke4 Rd5 69.f4 gxf4 70.Kxf4 Kb7 71.Ke4 Ka6
72.a4 Kb7 73.Rc2 Kc7 74.Rc3 Rh5 75.Rc4 Kd7 76.Kd3 Ke6 77.Rg4 Kd5 78.Rd4+ Kxc5
79.Rc4+ Kd6 80.Rg4 Rh3+ 81.Kc4 Kc7 82.Rg2 Ra3 83.Rh2 Ra1 84.Rg2 Rb1 85.Kc5 Rc1+
86.Kd4 Rh1 87.Kc5 Rh5+ 88.Kc4 Re5 89.Rh2 Re1 90.Kc5 Rc1+ 91.Kd4 Kb6 92.Rb2+ Kc7
93.Rh2 Re1 94.Kc5 Re5+ 95.Kc4 Kd6 96.Rd2+ Rd5 97.Rh2  1/2-1/2

[Event "TCh-ISL 2012-13"]
[Site "Reykjavik ISL"]
[Date "2013.03.01"]
[Round "5.3"]
[White "Gajewski,G"]
[Black "Bartholomew,J"]
[Result "1-0"]
[WhiteElo "2650"]
[BlackElo "2441"]

1.Nf3 d5 2.g3 Nf6 3.Bg2 c6 4.O-O Bg4 5.c4 e6 6.b3 Nbd7 7.Bb2 Bd6 8.d3 O-O
9.Na3 a5 10.Nc2 a4 11.b4 Bxf3 12.exf3 Re8 13.Re1 Qc7 14.f4 e5 15.c5 Bf8 16.fxe5 Nxe5
17.Qd2 Ned7 18.Bh3 b6 19.cxb6 Qxb6 20.Rab1 Rxe1+ 21.Qxe1 Re8 22.Qd1 Ne5 23.Bd4 Qa6
24.Bf1 Qa8 25.a3 Ned7 26.Bh3 Qa6 27.Ne3 c5 28.b5 Qa8 29.Bxf6 Nxf6 30.Bg2 Rb8
31.g4 Qa5 32.g5 Nd7 33.Bxd5 Rxb5 34.Rxb5 Qxb5 35.Nc4 Nb6 36.Nxb6 Qxb6 37.Qxa4 Qd8
38.Qc4 Qxg5+ 39.Kf1 Bd6 40.a4 Qd2 41.Bxf7+ Kf8 42.Bd5 h6 43.h3 Ke7 44.Bf3 Qb2
45.Kg1 Qf6 46.a5 Qg5+ 47.Bg4 Qf4 48.Qe6+ Kf8 49.a6 Qh2+ 50.Kf1 Qh1+ 51.Ke2  1-0

[Event "Zagreb Open A 2013"]
[Site "Zagreb CRO"]
[Date "2013.03.01"]
[Round "5.5"]
[White "Sale,S"]
[Black "Palac,M"]
[Result "1/2-1/2"]
[WhiteElo "2401"]
[BlackElo "2579"]

1.Nf3 d5 2.g3 g6 3.Bg2 Bg7 4.c4 dxc4 5.Na3 e5 6.Qa4+ Bd7 7.Qxc4 Nc6 8.d3 h6
9.O-O Nge7 10.Bd2 O-O 11.Qc1 Nf5 12.Nc4 Kh7 13.Re1 Nd6 14.Be3 Re8 15.Nfd2 Nf5
16.Bc5 Rc8 17.Ne3 Nfd4 18.Qc4 b6 19.Bxd4 Nxd4 20.Rac1 c6 21.h4 f5 22.Qa6 Rc7
23.b4 Bf8 24.a3 c5 25.Qc4 Be6 26.Bd5 b5 27.Qa2 cxb4 28.Rxc7+ Qxc7 29.Bxe6 Rxe6
30.axb4 Qb7 31.Nf3 Ra6 32.Qd5 Qxd5 33.Nxd5 Nxf3+ 34.exf3 Rd6 35.Nc7 Rxd3
36.Rxe5 Bd6 37.Re6 Bxb4 38.Nxb5 a5 39.Ra6 Rd5 40.Nc7 Rd6 41.Ra8 g5 42.h5 Rd1+
43.Kg2 Kg7 44.Ra6 Rd7 45.Rg6+ Kf8 46.Ne6+ Ke7 47.Ng7 Rd5 48.Rxh6 a4 49.Rb6 Bc3
50.Rb7+ Rd7 51.Nxf5+ Ke6 52.Rxd7 Kxd7 53.Ne3 a3 54.Kf1 a2 55.Ke2  1/2-1/2